00708nam a2200193 i 450000100060000000300090000600500170001500700030003200800410003510000250007624501020010126000410020330000300024465000220027470000470029685200320034399900170037595201220039279252ES-MaACL20230906173934.0t|041020s1971 sp ||||1| spa d1 aHenn, Walter.96254710aTabiques b: problemas técnicos y ejemplos / cWalter Henn ; versión, Buenaventura Bassegoda. aBarcelona : bGustavo Gili, c[1971] a117 p. : bil. ; c29 cm. 4aTabiques.91688531 aBassegoda Musté, B. (d1896-1987)926310 aES-MaACLjC-41436 bR.77722 c79252d79252 00104070aATENEOMbATENEOMcDEPO2d2008-01-17eSCl0oC-41436p1082879r2023-02-23 00:00:00w2023-02-23yMONOGRAFIA